00579 a2200181 450000100060000002000150000604000240002110000220004524000280006724500230009530000070011836200090012565000310013494200070016595201040017295201040027699900170038069395 a8576350971 cAnchieta - Itaigara aLeemans, Philippe10aA porta misteriosalpor10aA porta misteriosa a470 a2005 4aLiteratura infanto-juvenil cBK 00104070a88.1b88.1d2023-11-21l0o028.5 LEE PORp1672/ITAr2023-11-21 20:03:56w2023-11-21yBK 00104070a88.1b88.1d2023-11-21l0o028.5 LEE PORp1673/ITAr2023-11-21 20:03:56w2023-11-21yBK c69395d69395